| 000 | 00942cam a22002291a 4500 | ||
|---|---|---|---|
| 003 | OSt | ||
| 005 | 20150408113927.0 | ||
| 008 | 060131s2003 ts g 000 0 ara c | ||
| 040 |
_aMU _bara _cMB |
||
| 050 | 4 |
_aBP135. A2. _bI2632 2003 |
|
| 082 | 0 |
_a232.64 _221 |
|
| 100 | 1 |
_aابن الجوزي، عبد الرحمن بن علي بن محمد، _d508-597 هـ. _95110 |
|
| 245 | 1 | 2 |
_aالموضوعات : _bدراسة وتحقيقا وترجمة / _cأبو الفرج عبد الرحمن بن علي بن محمد بن الجوزي ؛ تحقيق محمود أحمد القيسية. |
| 250 | _aط. 3. | ||
| 260 |
_aأبو ظبي : _bمؤسسة النداء، _c2003 |
||
| 300 | _a4 ج. | ||
| 650 | 7 |
_aالحديث الموضوع _2aucsh |
|
| 650 | 7 |
_aالحديث _xإسناد _2aucsh |
|
| 650 | 7 |
_aالحديث _xالجرح والتعديل _2aucsh _9110 |
|
| 700 | 1 |
_aالقيسية، محمود أحمد _eمحقق. _95111 |
|
| 942 |
_2ddc _cBOOK |
||
| 999 |
_c15675 _d250175 |
||